| 000 | 00379 a2200157 4500 | ||
|---|---|---|---|
| 003 | Nust | ||
| 005 | 20230310104033.0 | ||
| 040 | _cNust | ||
| 082 | _a 297.72,HAM | ||
| 100 |
_a Hamidi ,Khlil Ahmed _9110131 |
||
| 245 |
_aJehad -e-Islami / _cKhalil Ahmed Hamdi |
||
| 260 |
_aLahore _bIslamic Publications |
||
| 300 | _a279:p | ||
| 650 | _aIslam | ||
| 942 |
_2ddc _cBK _k 297.72,HAM |
||
| 999 |
_c187998 _d187998 |
||